<?xml version="1.0" encoding="UTF-8"?>
<record
    xmlns:xsi="http://www.w3.org/2001/XMLSchema-instance"
    xsi:schemaLocation="http://www.loc.gov/MARC21/slim http://www.loc.gov/standards/marcxml/schema/MARC21slim.xsd"
    xmlns="http://www.loc.gov/MARC21/slim">

  <leader>01407nam a22002057a 4500</leader>
  <controlfield tag="003">IT-MiCISF</controlfield>
  <controlfield tag="005">20210803154644.0</controlfield>
  <controlfield tag="008">210803b           ||||| |||| 00| 0 eng d</controlfield>
  <datafield tag="040" ind1=" " ind2=" ">
    <subfield code="c">IT-MiCISF</subfield>
  </datafield>
  <datafield tag="041" ind1=" " ind2=" ">
    <subfield code="a">it</subfield>
  </datafield>
  <datafield tag="100" ind1=" " ind2=" ">
    <subfield code="a">Marchisio Cecilia Maria</subfield>
    <subfield code="9">59018</subfield>
  </datafield>
  <datafield tag="245" ind1=" " ind2=" ">
    <subfield code="a">Percorsi di vita e disabilit&#xE0;</subfield>
    <subfield code="b">Strumenti di coprogettazione</subfield>
  </datafield>
  <datafield tag="260" ind1=" " ind2=" ">
    <subfield code="a">Roma</subfield>
    <subfield code="b">Carocci</subfield>
    <subfield code="c">2019</subfield>
  </datafield>
  <datafield tag="300" ind1=" " ind2=" ">
    <subfield code="a">pp. 171</subfield>
  </datafield>
  <datafield tag="500" ind1=" " ind2=" ">
    <subfield code="a">handicap, educazione</subfield>
  </datafield>
  <datafield tag="520" ind1=" " ind2=" ">
    <subfield code="a">La Convenzione ONU sui diritti delle persone con disabilit&#xE0; ha prodotto un cambio di paradigma all'interno del quale oggi bisogna muoversi per costruire servizi e sostegni. In quest'ottica diventa necessario attivare nuove modalit&#xE0; e strategie per creare le condizioni di contesto, sociali e materiali, affinch&#xE9; le persone con disabilit&#xE0; vivano come cittadini nel mondo di tutti. Il testo descrive, alla luce dell'esperienza sul campo degli ultimi anni, percorsi e strumenti volti a costruire insieme alle persone con disabilit&#xE0; e alle loro famiglie un futuro nella societ&#xE0;, con le stesse opportunit&#xE0; degli altri. L'approccio della coprogettazione capacitante permette di delineare in maniera articolata le fasi della vita, sostenendo la persona in un percorso emancipatorio, costruito attraverso l'evoluzione di ruoli, spazi e relazioni autentici all'interno della societ&#xE0;.
</subfield>
  </datafield>
  <datafield tag="650" ind1=" " ind2=" ">
    <subfield code="a">handicap</subfield>
    <subfield code="9">56194</subfield>
  </datafield>
  <datafield tag="654" ind1=" " ind2=" ">
    <subfield code="a">saggio</subfield>
  </datafield>
  <datafield tag="942" ind1=" " ind2=" ">
    <subfield code="2">ddc</subfield>
    <subfield code="c">BK</subfield>
  </datafield>
  <datafield tag="999" ind1=" " ind2=" ">
    <subfield code="c">359361</subfield>
    <subfield code="d">359361</subfield>
  </datafield>
  <datafield tag="952" ind1=" " ind2=" ">
    <subfield code="0">0</subfield>
    <subfield code="1">0</subfield>
    <subfield code="2">ddc</subfield>
    <subfield code="4">0</subfield>
    <subfield code="6">B_7690_000000000000000</subfield>
    <subfield code="7">1</subfield>
    <subfield code="a">CISF</subfield>
    <subfield code="b">CISF</subfield>
    <subfield code="d">2021-08-03</subfield>
    <subfield code="l">0</subfield>
    <subfield code="o">b7690</subfield>
    <subfield code="p">9788874668212</subfield>
    <subfield code="r">2021-08-03 00:00:00</subfield>
    <subfield code="w">2021-08-03</subfield>
    <subfield code="y">BK</subfield>
  </datafield>
</record>
